[Event "Aarhus op-A"]
[Site "Aarhus"]
[Date "2017.09.10"]
[Round "6"]
[White "Iversen, Flemming Pagh"]
[Black "Qazizada, Jacob"]
[Result "1/2-1/2"]
[WhiteElo "1779"]
[BlackElo "1611"]
[PlyCount "40"]
[EventDate "2017.09.08"]
[EventType "swiss"]
[EventRounds "7"]
[EventCountry "DEN"]
[SourceTitle "EXT 2018"]
[Source "ChessBase"]
[SourceDate "2017.10.13"]
[SourceVersion "1"]
[SourceVersionDate "2017.10.13"]
[SourceQuality "1"]

1. Nf3 e6 2. g3 b6 3. Bg2 Bb7 4. 0-0 f5 5. d3 Nf6 6. Nbd2 Be7 7. b3 0-0 8. Bb2 Qe8 9. c4 c5 10. a3 Na6 11. Nh4 Bxg2 12. Nxg2 Nc7 13. e4 d5 14. exf5 exf5 15. Re1 Qf7 16. Nf3 Bd6 17. Be5 Qd7 18. Nf4 Bxe5 19. Nxe5 Qd6 20. Ra2 Nd7 1/2-1/2

[Event "Aarhus op-A"]
[Site "Aarhus"]
[Date "2017.09.08"]
[Round "1"]
[White "Qazizada, Jacob"]
[Black "Light, Bjarne"]
[Result "0-1"]
[WhiteElo "1611"]
[BlackElo "2223"]
[PlyCount "86"]
[EventDate "2017.09.08"]
[EventType "swiss"]
[EventRounds "7"]
[EventCountry "DEN"]
[SourceTitle "EXT 2018"]
[Source "ChessBase"]
[SourceDate "2017.10.13"]
[SourceVersion "1"]
[SourceVersionDate "2017.10.13"]
[SourceQuality "1"]

1. e4 c5 2. Nc3 Nc6 3. f4 g6 4. Nf3 Bg7 5. Bb5 Nd4 6. 0-0 Nxb5 7. Nxb5 d5 8. exd5 a6 9. Nc3 Nf6 10. d4 Nxd5 11. Nxd5 Qxd5 12. dxc5 Qxc5+ 13. Kh1 Bf5 14. c3 Rd8 15. Qe1 0-0 16. Be3 Qb5 17. Qf2 Be4 18. Nd4 Qh5 19. h3 Qxh3+ 20. Kg1 Qh5 21. Rae1 Bd3 22. Ne2 Qb5 23. f5 Qxf5 24. Qxf5 Bxf5 25. Nd4 Bd3 26. Rf2 e5 27. Nf3 f6 28. Rd2 Bc4 29. b3 Rxd2 30. Nxd2 Bd5 31. c4 Bc6 32. b4 Rd8 33. Rb1 f5 34. g3 Rd3 35. Kf2 h6 36. b5 axb5 37. cxb5 Bd5 38. Rc1 g5 39. Nb3 f4 40. Rc8+ Kh7 41. gxf4 gxf4 42. Bc5 Kg6 43. Bd6 Bxb3 0-1